Hacia la integración acelerada de América Latina (Registro nro. 6675)

Detalles MARC
000 -LEADER
fixed length control field 01289 a2200229 4500
001 - CONTROL NUMBER
control field 59420
005 - DATE AND TIME OF LATEST TRANSACTION
control field 20260407155848.0
008 - FIXED-LENGTH DATA ELEMENTS--GENERAL INFORMATION
fixed length control field 260407a1965 arg spa d
003 - CONTROL NUMBER IDENTIFIER
control field AR-UNSa-BCEJYS
040 ## - CATALOGING SOURCE
Original cataloging agency AR-UNSa-BCEJYS
Language of cataloging spa
Transcribing agency AR-UNSa-BCEJYS
080 ## - UNIVERSAL DECIMAL CLASSIFICATION NUMBER
Universal Decimal Classification number 338.1(728)
Common auxiliary subdivision Situación económica. Ciclos. Desarrollo de la estructura económica en los Estados de América Central
100 1# - MAIN ENTRY--PERSONAL NAME
Personal name Mayobre, José Antonio
245 10 - TITLE STATEMENT
Title Hacia la integración acelerada de América Latina
264 #1 - PRODUCTION, PUBLICATION, DISTRIBUTION, MANUFACTURE, AND COPYRIGHT NOTICE
Place of production, publication, distribution, manufacture México :
Name of producer, publisher, distributor, manufacturer Fondo de Cultura Económica
Date of production, publication, distribution, manufacture, or copyright notice 1965
300 ## - PHYSICAL DESCRIPTION
Extent 195 p.
Dimensions 21 cm.
505 ## - FORMATTED CONTENTS NOTE
Formatted contents note 1. La integración económica y el desarrollo de América Latina - 2. Progresos y limitaciones de los movimientos latinoamericanos de integración - 3. El conjunto de los nuevos compromisos - 4. La política comercial - 5. El tratamiento especial de los productos agropecuarios - 6. Política regional de inversiones - 7. Los acuerdos sobre ramas industriales - 8. Los transportes y la integración económica regional - 9. La política monetaria y financiera - 10. La estructura institucional - 11. La ALALC y los nuevos compromisos
590 ## - LOCAL NOTE (RLIN)
Local note niveau_biblio:m niveau_hierar:0
700 1# - ADDED ENTRY--PERSONAL NAME
Personal name Herrera, Felipe
700 1# - ADDED ENTRY--PERSONAL NAME
Personal name Sanz de Santa Maria, Carlos
700 1# - ADDED ENTRY--PERSONAL NAME
Personal name Prebisch, Raúl
942 ## - ADDED ENTRY ELEMENTS (KOHA)
Koha item type
Existencias
Withdrawn status Lost status Damaged status Not for loan Home library Current library Shelving location Date acquired Total checkouts Full call number Barcode Date last seen Price effective from Koha item type
        Biblioteca Prof. Eusebio Cleto del Rey Biblioteca Prof. Eusebio Cleto del Rey   07/04/2026   338.1(728) M473 L23891 07/04/2026 07/04/2026 Libro